Faith, reason and civilisation: an essay in historical analysis (Record no. 479947)

000 -LEADER
fixed length control field 00377cam a22001337a 4500
008 - FIXED-LENGTH DATA ELEMENTS--GENERAL INFORMATION
fixed length control field 180718b1944 xxu||||| |||| 00| 0 eng d
082 ## - DEWEY DECIMAL CLASSIFICATION NUMBER
Classification number B11 L335
100 ## - MAIN ENTRY--PERSONAL NAME
Personal name Laski, Harlod J.
245 ## - TITLE STATEMENT
Title Faith, reason and civilisation: an essay in historical analysis
Statement of responsibility, etc. by Harold J. Laski
260 ## - PUBLICATION, DISTRIBUTION, ETC.
Place of publication, distribution, etc. London
Name of publisher, distributor, etc. Gollencz
Date of publication, distribution, etc. 1944
300 ## - PHYSICAL DESCRIPTION
Extent 203p.
500 ## - GENERAL NOTE
General note 6/-
650 ## - SUBJECT ADDED ENTRY--TOPICAL TERM
Topical term or geographic name entry element Civilization
Holdings
Withdrawn status Lost status Damaged status Not for loan Permanent Location Current Location Date acquired Full call number Barcode Date last seen Price effective from Koha item type
        Indian Institute of Public Administration Indian Institute of Public Administration 2018-08-04 B11 L335 GR2373 2018-08-04 2018-08-04 GR

Powered by Koha